Corso compiuto di disegno geometrico industriale : conforme i programmi governativi applicato all'architettura e alla meccanica : ad uso delle scuole tecniche, degli istituti tecnici e delle scuole serali ...

Gespeichert in:
Bibliographische Detailangaben
1. Verfasser: Boidi, Giuseppe (VerfasserIn)
Format: Buch
Sprache:Italienisch
Erschienen: Torino : Franco, 1861
Katalog:EDISCO:  Suchergebnis im Bibliothekskatalog
Schulbuchspezifische Eigenschaften:
Schlagworte:
Tags: Tag hinzufügen
Keine Tags, Fügen Sie den ersten Tag hinzu!
Hinzugefügt zu:30.04.2016
Geändert in:04.10.2017

MARC

LEADER 00000aam a22000007 4500
001 23608
003 OSt
005 20171004090836.0
008 160501s1861 it 000 0 ita
040 |c milena maione 
041 1 |a ita 
100 1 |a Boidi, Giuseppe  |e Author  |9 2798 
245 0 0 |a Corso compiuto di disegno geometrico industriale :   |b conforme i programmi governativi applicato all'architettura e alla meccanica : ad uso delle scuole tecniche, degli istituti tecnici e delle scuole serali ... /  |c Giuseppe Boidi 
260 |a Torino :  |b Franco,  |c 1861 
300 |a XL, 311 p., 2/2 ;   |c 28 cm 
546 |a ita 
650 4 |a Disegno  |9 746 
655 |a Manuale  |9 9 
690 4 |a Secondaria inferiore  |x Scuola tecnica  |9 3679 
901 |a 7 
942 |2 ddc  |c BK 
999 |c 23596  |d 23596 
999 |c edisco:23596  |d 23596